000 01290nam a22004097a 4500
001 0040833
003 KOHA_MİRAKIL
005 20260207003215.0
007 ta
008 130730b2012 tu a|||gr||||#||||0|tur |
020 _a9789753226028
040 _aTR-BiSEU
_btur
_cTR-BiSEU
_erda
041 0 _atur
044 _ctu
050 _aHF5415
_b.K57 2012
100 1 _aKırım, Arman.
245 1 _aBana bir akıl ver hocam :
_brekabette öne geçmek için nasıl fark yaratırız/
_cArman Kırım ; Arman Kırım.
250 _a2. Basım
264 1 _aİstanbul :
_bSistem
_c2012
300 _a250 sayfa :
_bresimli ;
_c23 cm.
336 _ametin
_btxt
_2rdacontent
337 _aaracısız
_bn
_2rdamedia
338 _acilt
_bnc
_2rdacarrier
490 1 _aSistem yayıncılık ;
_v702.
500 _aDizin var.
500 _aKaynakça var.
650 0 _aPazarlama.
_92020
650 0 _aMarketing.
_92838
650 0 _aPazar araştırmaları--Türkiye.
_975713
650 0 _aMarket surveys--Turkey.
_975714
650 0 _aPazarlama araştırması--Türkiye.
_932744
650 0 _aMarketing research--Turkey.
_932747
650 0 _aÜrün yönetimi.
_95116
650 0 _aProduct management.
_94839
830 1 _aSistem yayıncılık ;
_v702.
_95540
942 _2lcc
_cBK
999 _c40698
_d40698